Регионална библиотека "Любен Каравелов" - Русе

Богато дете, умно дете (Запис номер 106789)

MARC детайли
000 -Лидер
Контролно поле с фиксирана дължина 02638nam a2200493 c 4500
003 - Код на организацията, давaща контролен номер
Контролно поле BLK
005 - Дата и час на последна редакция
Контролно поле 20250305124350.0
008 - Елементи от данни с фиксирана дължина
fixed length control field 180409b bul|||||r ||||||| ||bul||
010 ## - Наследен системен номер
LC control number KNG00112054000
020 ## - Международен стандартен номер на книга ISBN
Международен стандартен номер на книга ISBN 954-9882-26-8
-- издат.: Анхира
040 ## - Източник на каталожния запис
Идентификатор на билиотеката - собственик на записа BLK
041 ## - Код за език
Код за езика на текст/звукозапис или на отделно заглавие Български
Код за езика КДБФ Български
072 #7 - Код за тематичната категория
Код организация bullib
Код за тематична категория Н33
Текст Икономика Н
080 ## - УДК
Текстов определител УДК Икономическа психология. Икономическо поведение. Физиологични и психологични елементи. Интереси. Икономически дух
УДК код - определител по УДК 330.16
УДК определител -053.2
УДК - код + определител 330.16-053.2
080 ## - УДК
Текстов определител УДК Пари. Банково дело. Борса. Валутен борд. Вж и 347.73 ; 368
УДК код - определител по УДК 336.7
УДК определител (02.062)
УДК - код + определител 336.7(02.062)
080 ## - УДК
Текстов определител УДК Психология на детската възраст. Интелектуално развитие на децата. Психически особености. Детски представи, описани в разкази
УДК код - определител по УДК 159.922.7
УДК определител
УДК - код + определител 159.922.7
100 1# - Редна дума - Автор
Автор Кийосаки, Робърт Т.
Авторска отговорност първи автор
R(LIN) 280110
139 ## - Редно поле
Редна дума Кийосаки, Робърт Т. и др.
Авторски знак Кес - К 53
245 10 - Сведения за заглавието
Заглавие Богато дете, умно дете
Подзаглавни данни Как да дадем на детето си финансово предимство
Редно поле (дума) Робърт Т. Кийосаки; съавт. Шарън Л. Лехтър; прев. от англ. Красимира Матева.
257 ## - Страна на издаване
Страна на създаване/издаване Съединени американски щати
260 ## - Област на издателските данни
-- София
Име на издателя, разпространителя и проч. Анхира
Година на издаване 2004
300 ## - Физическа характеристика
Страници 253 с.
Размери/Мащаб 23 см
380 ## - Жанр
Жанр Обществени науки
490 1# - СЕРИИ (Колекции)
Име на серия Уроците на богатия татко
500 ## - Общи забележки
Забележка Ориг. загл. Rich Kid Smart Kid / Robert T. Kiosaki, Sharon L. Lechter. - Съдържа и За авт.
650 #4 - Допълнително описание по предмет – тема
Основно описание – тема или топоним Възпитание в семейството
9 (RLIN) 242361
650 #4 - Допълнително описание по предмет – тема
Основно описание – тема или топоним Деца - умствено развитие
9 (RLIN) 263145
650 #4 - Допълнително описание по предмет – тема
Основно описание – тема или топоним Психология на личността
9 (RLIN) 267089
653 ## - Ключова дума – ненормативна
Ключова дума семейно възпитание
653 ## - Ключова дума – ненормативна
Ключова дума социализация
653 ## - Ключова дума – ненормативна
Ключова дума деца
653 ## - Ключова дума – ненормативна
Ключова дума семейно планиране
653 ## - Ключова дума – ненормативна
Ключова дума бюджет
653 ## - Ключова дума – ненормативна
Ключова дума интелектуално развитие
659 ## - Тематичен бюлетин
Тематичен бюлетин Н
700 1# - Други автори (авторска отговорност)
Лично име Лехтър, Шарън Л.
Автороска отговорност (Описва отношението между автора и произведението) съавт.
9 (RLIN) 88603
700 1# - Други автори (авторска отговорност)
Лично име Матева, Красимира
Автороска отговорност (Описва отношението между автора и произведението) прев. от англ.
9 (RLIN) 363624
852 ## - Местоположение
Форматна сигнатура Цб 255166
856 4# - Електронен адрес и достъп
Електронен формат pdf - файл
Път до файла /url/
856 4# - Електронен адрес и достъп
Електронен формат pdf - файл
Път до файла /url/
942 ## - АРТИКУЛИ
Вид на библиотечния материал Книги
Скрит в OPAC Не
Koha issues (borrowed), all copies 27
944 ## - СЪЗДАВАНЕ И РЕДАКЦИЯ на ЗАПИСА
Създаване/Редакция Създаване
Дата на регистрацията/редакция 23.05.2012
Статус, дата на статуса Мартин Енчев
Служител, извършил регистрацията/редакцията 30575
944 ## - СЪЗДАВАНЕ И РЕДАКЦИЯ на ЗАПИСА
Създаване/Редакция Редакция
Дата на регистрацията/редакция 10.12.2015
Статус, дата на статуса ф /
Служител, извършил регистрацията/редакцията Людмила_Стоянова
999 ## - СИСТЕМНИ КОНТРОЛНИ НОМЕРА
Koha biblionumber 106789
Koha biblioitemnumber 106789
Наличности
Код за отписване Код за изгубен артикул Източник на класификационната схема Код за повреда Коз за рестрикции Код за отдаване Артикулен № Име на библиотеката - собственик Име на библиотеката, в която се намира в момента Статус (Текущо местоположение) Дата на вписване в системата Местоположение - отдел Цена в лева Инвентарен номер Систематично азбучна сигнатура Баркод Номер на екземпляра Цена в евро Служебна бележка Служебен тип на артикула
Изтеглен Не е изгубен Universal Decimal Classification Не е повреден без рестрикции заемане за дома 172395 Регионална библиотека "Любен Каравелов" Русе Регионална библиотека "Любен Каравелов" Русе Заемна - подръчен фонд 2012-05-23 Заемна - подръчен фонд 9.00 120000757763 П 330.16/К 53 120000757763 1 4.60 Дост: Pk Вид: Ф N: 279 Дата: 09.05.2012 Книги
  Не е изгубен Universal Decimal Classification Не е повреден без рестрикции заемане за дома 172396 Регионална библиотека "Любен Каравелов" Русе Регионална библиотека "Любен Каравелов" Русе Заемна - подръчен фонд 2015-11-24 Заемна - подръчен фонд 9.00 120000794978 П 330.16/К 53 120000794978 2 4.60 Дост: Pk Вид: Ф N: 444 Дата: 16.11.2015 Дата инв: 05.02.2018 Бележки инв: П2018 Книги
  Не е изгубен Universal Decimal Classification Не е повреден без рестрикции заемане за дома 172397 Регионална библиотека "Любен Каравелов" Русе Регионална библиотека "Любен Каравелов" Русе Заемна - подръчен фонд 2015-11-24 Заемна - подръчен фонд 9.00 120000794979 П 330.16/К 53 120000794979 3 4.60 Дост: Pk Вид: Ф N: 444 Дата: 16.11.2015 Дата инв: 05.02.2018 Бележки инв: П2018 Книги
Vip Innovations Ltd, Rousse, Bulgaria 2025